LEADER 01524cam--2200409---450 001 990005978870203316 005 20170405100938.0 010 $a978-88-6809-046-3 035 $a000597887 035 $aUSA01000597887 035 $a(ALEPH)000597887USA01 035 $a000597887 100 $a20111025d2014----km-y0itay50------ba 101 $amul 102 $aIT 105 $a||||||||001yy 200 1 $aChiese locali e chiese regionali nell'alto Medioevo$esettimane di studio della Fondazione Centro italiano di studi sull'alto Medioevo, LXI$eSpoleto 4-9 aprile 2013 210 $aSpoleto$cFondazione Centro italiano di studi sull'Alto Medioevo$d2014 215 $a2 volumi (XV, 1196 p., [27] carte di tav.)$d25 cm 225 2 $aAtti delle settimane$v61 410 0$aAtti delle settimane$v, 61 606 0 $aChiesa$zSec. 5.-11. -$xAtti di congressi$2BNCF 676 $a270.2 710 02$aFondazione Centro italiano di studi sull'Alto Medioevo$0326531 801 0$aIT$bsalbc$gISBD 912 $a990005978870203316 951 $aX.1.B. 1577 1$b247568 L.M.$cX.1.B.$d358781 951 $aX.1.B. 1577 2$b247568 L.M.$cX.1.B.$d358780 959 $aBK 969 $aUMA 979 $aALESSANDRA$b90$c20141107$lUSA01$h1438 979 $aALESSANDRA$b90$c20141107$lUSA01$h1441 979 $aCHIARA$b90$c20150226$lUSA01$h1539 979 $aCHIARA$b90$c20150226$lUSA01$h1541 979 $aCHIARA$b90$c20150226$lUSA01$h1549 996 $aChiese locali e chiese regionali nell'alto Medioevo$91079597 997 $aUNISA LEADER 04077nam1 2200397 i 450 001 VAN0077404 005 20221130025158.506 100 $a20100614d1586 |0itac50 ba 101 $alat$aGRC 102 $aDE 140 $a||||||||| ||||||||| 200 1 $aˆDionysiou Alikarnaseos ta ‰Euriskomena, Istorika te kai retorika, syggrammata. Dionysii Halicarnassei scripta quae exstant, omnia, et historica, et rhetorica. E veterum librorum auctoritate, doctorumque hominum animaduersionibus, quamplurimis in locis emendata & interpolata; cum Latina versione ad Graeci exemplaris fidem denuo sic collata & conformata, vt plerisque in locis sit plane noua. Addita fragmenta quaedam, cum Glareani Chronologia, & duplici appendice. Additae etiam Notae, quibus de vtriusque textus vel emendatione vel explanatione agitur. Adiecti praeterea duo locuetissimi rerum & verborum Indices; alter, Graecus; alter, Latinus. Opera & studio Friderici Sylburgii Veterensis 210 $aFrancofurdi$capud heredes Andreae Wecheli$d1586 215 $a2 volumi$d2° 300 $aPrima parte del titolo in greco traslitterato; titolo dal frontespizio del volume 1. - Greco, romano, corsivo; iniziali e fregi xilografici 463 1$1001VAN0077406$12001 $aˆ2: Dionysiou Alikarnaseos ‰Tomos B, o ta Retorika kai ta Kritika periexon. Dionysii Halicarnassei tomus 2., Rhetoricos eius et criticos libros continens; duobus tractatibus nusquam ante vulgatis auctus. Addita sex tractatuum versio Latina multis in locis emendata. Additus item notarum libellus, in quo praeter variae scripturae indicationem, plurima loca partim emendantur, partim illustrantur. Additus denique duplex rerum & verborum index, Latinus & Graecus. Catalogus singulorum tractatuum ... Opera & studio Friderici Sylburgii Veterensis$1210 $r12$d280$d94, [2] p$1300 $aNel titolo il numero 2. e' espresso: B e II. - La p. 24 della terza sequenza di pagine erroneamente numerata 42.; segnatura: (:)? a-k? l? m-z? 2a-2m?; corsivo, greco, romano; iniziali e fregi xilografici$v2 463 1$1001VAN0077405$12000 $a[1]$1215 $a[16], 792, 169, [3] p$1300 $aTesto su due colonne: segnatura: *? A-3V? 2A-2V? 2X?$v[1] 620 $dFrankfurt$3VANL001054 700 0$aDionysius Halicarnassensis$3VANV056208$0714438 702 1$aGlareanus$bHenricus$f1488-1563$3VANV065802 702 1$aSylburg$bFriedrich$f1536-1596$3VANV065818 712 02$aWechel, Andreas Erben$3VANV065805 790 0$aDionigi di Alicarnasso$zDionysius Halicarnassensis$3VANV081332 790 0$aDionysius Halicarnasseus$zDionysius Halicarnassensis$3VANV081333 790 0$aDenys d'Halicarnasse$zDionysius Halicarnassensis$3VANV065798 790 1$aLoriti, Heinrich$zGlareanus, Henricus <1488-1563>$3VANV065803 790 1$aGlarean, Heinrich$zGlareanus, Henricus <1488-1563>$3VANV065804 790 1$aSylburgius, Federicus$zSylburg, Friedrich <1536-1596>$3VANV065819 790 1$aSylburgius, Fridericus$zSylburg, Friedrich <1536-1596>$3VANV065820 791 02$aTypis Wechelianis <1581-1630>$zWechel, Andreas Erben$3VANV065806 791 02$aWechel <1581-1830>$zWechel, Andreas Erben$3VANV065807 801 $aIT$bSOL$c20221202$gRICA 912 $aVAN0077404 921 $aVAN0000023$bPegaso che sovrasta due cornucopie e un caduceo tenuto da mani che escono dalle nuvole.$cF97$dSui frontespizi e in fine. 996 $aEuriskomena, Istorika te kai retorika, syggrammata. Dionysii Halicarnassei scripta quae exstant, omnia, et historica, et rhetorica. E veterum librorum auctoritate, doctorumque hominum animaduersionibus, quamplurimis in locis emendata & interpolata; cum Latina versione ad Graeci exemplaris fidem denuo sic collata & conformata, vt plerisque in locis sit plane noua. Addita fragmenta quaedam, cum Glareani Chronologia, & duplici appendice. Additae etiam Notae, quibus de vtriusque textus vel emendatione vel explanatione agitur. Adiecti praeterea duo locuetissimi rerum & verborum Indices; alter, Graecus; alter, Latinus. Opera & studio Friderici Sylburgii Veterensis$91539891 997 $aUNISOB